| 000 | 00782nam a22002057a 4500 | ||
|---|---|---|---|
| 999 |
_c163604 _d163604 |
||
| 005 | 20190424154011.0 | ||
| 010 | _aUR-10033 | ||
| 020 |
_c200.00 _a9789383239733 |
||
| 035 | _aU-8588 | ||
| 037 | _bDBAD/PUB | ||
| 082 | _a842.425 | ||
| 100 | _aخو ر شید نو ا ب | ||
| 245 |
_a بند شو ن کے د ر میا ن _cخو ر شید نو ا ب |
||
| 246 |
_bBandishon ke Darmiyan(Drama)(Urdu) _aby Khursheed Nawab |
||
| 260 |
_aNew Delhi _bApplied Books _c2018 |
||
| 270 |
_a1739/3,Ground Floor,New kohinoor hotel,Patodi House,Dariya Ganj , _bNew Delhi _e110002 _k011-23266347 _l- |
||
| 300 |
_a144 ص _c22 Cm.(bk) |
||
| 500 | _aدو حصہ | ||
| 942 |
_2ddc _cUR _h842.425 _mخ ر ش |
||